00473nam a2200145 a 4500008004100000020001800041050001600059100002900075245010700104250001200211260005000223300002600273350001000299650001800309150817s2001 ||||||||||||||||| || u a9780130195548 aQP 34.5 Sil aSilverthorn, Dee Uuglaub10aHuman physiology: an integrated approach.(2nd ed.)cby Dee Unglaub Silverthorn and Richard Damian Hill a2nd ed. aUnited States of AmericabPrentice Hallc2001 aseveral pagings, ill. a29.40 0aHUMAN ANATOMY